000
00293nam a22001337a 4500
999
_c
162231
_d
162231
082
_a
_b
100
_a
Chandra Sekhar Upadhyaya
245
_a
Vaidhika Kosa/
_c
by Chandra Sekhar Upadhyaya.
260
_a
Delhi:
_b
Nag,
_c
1994.
300
_a
970p.
650
_a
700
_a
942
_c
BK